El crecimiento económico y las artes.

Uloženo v:
Podrobná bibliografie
Hlavní autor: Lasuén Sancho, José Ramón (autor)
Další autoři: Aranzadi del Cerro, Javier (autor)
Médium: Kniha
Vydáno: Madrid, España: Fundación Autor, 2002.
Edice:Datautor.
Témata:
Tagy: Přidat tag
Žádné tagy, Buďte první, kdo vytvoří štítek k tomuto záznamu!

MARC

LEADER 00000nam a22000007a 4500
003 CL-VaPUC
005 20250321101943.0
008 250205t2002 ||||| |||| 00| 0 eng d
999 |c 447020  |d 447018 
020 |a 84-8048-472-1 
040 |c Pontificia Universidad Católica de Valparaíso 
082 |a 338.9 LAS 2002 
100 |9 896139  |a Lasuén Sancho, José Ramón  |e autor 
245 |a El crecimiento económico y las artes. 
260 |a Madrid, España:  |b Fundación Autor,  |c 2002. 
300 |a 325 páginas. 
490 |a Datautor. 
500 |a c.1. Instituto Arcos.08-01-2025. 
583 |c 20250205  |k Gabriela Rodríguez Cuevas 
650 0 |9 268202  |a Artes  |x Política gubernamental 
650 0 |9 268202  |a Artes  |x Economía  
650 0 |9 310816  |a Creatividad   |x Empresas 
700 |9 896140  |a Aranzadi del Cerro, Javier  |e autor 
942 |2 ddc  |c BK  |n 0 
952 |0 0  |1 0  |2 ddc  |4 0  |6 338_900000000000000_LAS_2002  |7 0  |8 A  |9 600439  |a BIBINC  |b BIBINC  |d 2025-02-05  |e Instituto Arcos  |i 5665349  |o 338.9 LAS 2002  |p 5665349  |r 2025-02-05  |t 1  |w 2025-02-05  |y BK  |k IFP